<The> economics of countryspecific tariffs.

Ukážka efektívnosti začlenenia špecifických taríf krajiny do svetovej ekonomiky na príklade troch modelov krajín svetovej ekonomiky. Špecifické tarify krajiny, relatívne ceny a životné podmienky. Americká obchodná politika a legislatíva. Postavenie voľného obchodu v ekonomike svetového obchodu.

Guardado en:
Detalles Bibliográficos
Autor principal: Gardner, G.W
Otros Autores: Kimbrough, K.P
Formato: Capítulo de libro
Lenguaje:inglés
Materias:
Etiquetas: Agregar Etiqueta
Sin Etiquetas, Sea el primero en etiquetar este registro!

MARC

LEADER 00000naa a2200000 4500
001 r003457
005 20220819193535.7
041 0 |a eng 
044 |a US 
245 1 0 |a <The> economics of countryspecific tariffs.  |c G.W. Gardner, K.P. Kimbrough 
520 |a Ukážka efektívnosti začlenenia špecifických taríf krajiny do svetovej ekonomiky na príklade troch modelov krajín svetovej ekonomiky. Špecifické tarify krajiny, relatívne ceny a životné podmienky. Americká obchodná politika a legislatíva. Postavenie voľného obchodu v ekonomike svetového obchodu. 
610 2 0 |a hospodárstvo svetové 
610 2 0 |a obchod svetový 
610 2 0 |a tarify 
610 2 0 |a modely národohospodárske 
610 2 0 |a ceny 
610 2 0 |a podmienky životné 
610 2 0 |a politika obchodná 
610 2 0 |a USA 
610 2 0 |a legislatíva 
100 1 |a Gardner, G.W. 
700 1 |a Kimbrough, K.P.